IFRS 1 - Úvodný prechod na Medzinárodné štandardy finančného výkazníctva

Rozsah pôsobnosti štandardu. Úpravy vyžadované pri úvodnom prechode na IFRS. IFRS 1 a časový harmonogram jeho uplatnenia. Výnimky z uplatňovania pravidiel IFRS (IAS). Zverejňovanie.

Salvato in:
Dettagli Bibliografici
Autore principale: Tumpach, Miloš, 1970-
Natura: Capitolo di libro
Lingua:slovacco
Soggetti:
Tags: Aggiungi Tag
Nessun Tag, puoi essere il primo ad aggiungerne!!

MARC

LEADER 00000naa a2200000 4500
001 r049439
005 20240502071344.3
041 0 |a slo 
044 |a SK 
245 1 0 |a IFRS 1 - Úvodný prechod na Medzinárodné štandardy finančného výkazníctva  |c Miloš Tumpach 
520 |a Rozsah pôsobnosti štandardu. Úpravy vyžadované pri úvodnom prechode na IFRS. IFRS 1 a časový harmonogram jeho uplatnenia. Výnimky z uplatňovania pravidiel IFRS (IAS). Zverejňovanie. 
610 2 0 |a štandardy účtovné medzinárodné 
610 2 0 |a štandardy 
610 2 0 |a účtovníctvo medzinárodné 
610 2 0 |a IFRS 
610 2 0 |a IFRS 1 
100 1 |a Tumpach, Miloš, 1970-